000 00833nam a2200253 a 4500
001
003 DO-SdBNP
005 20210910083951.0
008 100203s1998 dr 001 0 spa d
040 _aDO-SdBNP
_bspa
_cBPMSU
049 _a
082 _a972.9304
_bA367m 1998
_222
100 1 _aAlemar, Luis E.
245 1 0 _aMención de próceres de la separación /
_cLuis E. Alemar ; prólogo Frank Moya Pons ; edición Tomás Castro Burdiez.
260 _aSanto Domingo :
_bLibrería la Trinitaria,
_c1998.
_f
300 _a131 p. ;
_c21 cm.
490 0 _aCuadernos patrióticos,
_v5
590 _6Inventariado, 2021/VM
651 4 _aRepública Dominicana
_xHistoria
_yOcupación haitiana 1822-1844
700 1 _aMoya Pons, Tomás
_epról.
700 1 _aCastro Burdiez, Castro
_eed.
910 _aVMateo V.
942 _2ddc
_cBK
999 _c13720
_d13720